[Event "European Chess Club Cup 2023"]
[Site "Durres, Albania"]
[Date "2023.10.01"]
[Round "1.13"]
[White "Lenaerts, Lennert"]
[Black "Keymer, Vincent"]
[Result "0-1"]
[TimeControl "90' + 30' & 30\""]
[WhiteElo "2353"]
[BlackElo "2717"]

1. d4 {[%clk 01:30:57]} {[%emt 00:00:02]} Nf6 {[%clk 01:30:55]} {[%emt
00:00:05]} 2. c4 {[%clk 01:31:22]} {[%emt 00:00:07]} e6 {[%clk 01:31:21]}
{[%emt 00:00:02]} 3. Nc3 {[%clk 01:31:38]} {[%emt 00:00:14]} Bb4 {[%clk
01:31:46]} {[%emt 00:00:06]} 4. Qc2 {[%clk 01:31:43]} {[%emt 00:00:25]} O-O
{[%clk 01:30:56]} {[%emt 00:01:20]} 5. Nf3 {[%clk 01:31:57]} {[%emt 00:00:16]}
d6 {[%clk 01:30:23]} {[%emt 00:01:03]} 6. g3 {[%clk 01:31:39]} {[%emt
00:00:47]} b6 {[%clk 01:21:10]} {[%emt 00:09:44]} 7. Bg2 {[%clk 01:31:56]}
{[%emt 00:00:13]} Bb7 {[%clk 01:21:30]} {[%emt 00:00:10]} 8. O-O {[%clk
01:32:16]} {[%emt 00:00:09]} Nbd7 {[%clk 01:15:52]} {[%emt 00:06:08]} 9. Nd1
{[%clk 01:32:37]} {[%emt 00:00:10]} d5 {[%clk 01:06:10]} {[%emt 00:10:13]} 10.
c5 {[%clk 01:32:53]} {[%emt 00:00:13]} bxc5 {[%clk 01:05:48]} {[%emt 00:00:52]}
11. a3 {[%clk 01:33:12]} {[%emt 00:00:11]} Ba5 {[%clk 01:06:14]} {[%emt
00:00:04]} 12. dxc5 {[%clk 01:33:38]} {[%emt 00:00:04]} c6 {[%clk 01:06:06]}
{[%emt 00:00:38]} 13. b4 {[%clk 01:34:04]} {[%emt 00:00:04]} Bc7 {[%clk
01:06:32]} {[%emt 00:00:05]} 14. a4 {[%clk 01:34:29]} {[%emt 00:00:04]} Rc8
{[%clk 00:57:58]} {[%emt 00:09:05]} 15. Ba3 {[%clk 01:11:52]} {[%emt 00:23:07]}
Bb8 {[%clk 00:44:35]} {[%emt 00:13:53]} 16. Ne3 {[%clk 01:07:35]} {[%emt
00:04:46]} a5 {[%clk 00:40:45]} {[%emt 00:04:20]} 17. Rab1 {[%clk 00:50:58]}
{[%emt 00:17:07]} axb4 {[%clk 00:39:46]} {[%emt 00:01:30]} 18. Bxb4 {[%clk
00:50:51]} {[%emt 00:00:37]} Ba6 {[%clk 00:38:01]} {[%emt 00:02:15]} 19. Rfd1
{[%clk 00:51:09]} {[%emt 00:00:11]} g6 {[%clk 00:33:23]} {[%emt 00:05:09]} 20.
Ba3 {[%clk 00:42:14]} {[%emt 00:09:24]} Re8 {[%clk 00:30:35]} {[%emt 00:03:18]}
21. Ne1 {[%clk 00:41:04]} {[%emt 00:01:39]} Ba7 {[%clk 00:27:59]} {[%emt
00:03:07]} 22. Nd3 {[%clk 00:38:09]} {[%emt 00:03:25]} e5 {[%clk 00:27:17]}
{[%emt 00:01:12]} 23. Bh3 {[%clk 00:38:20]} {[%emt 00:00:20]} Rc7 {[%clk
00:24:52]} {[%emt 00:02:54]} 24. Nb4 {[%clk 00:30:21]} {[%emt 00:08:28]} Bc8
{[%clk 00:24:23]} {[%emt 00:01:00]} 25. Na2 {[%clk 00:30:37]} {[%emt 00:00:14]}
Ne4 {[%clk 00:22:48]} {[%emt 00:02:05]} 26. Bxd7 {[%clk 00:28:53]} {[%emt
00:02:13]} Bxd7 {[%clk 00:22:26]} {[%emt 00:00:53]} 27. Rb6 {[%clk 00:29:16]}
{[%emt 00:00:06]} Ng5 {[%clk 00:18:50]} {[%emt 00:04:06]} 28. a5 {[%clk
00:20:19]} {[%emt 00:09:27]} d4 {[%clk 00:17:05]} {[%emt 00:02:17]} 29. Nc4
{[%clk 00:20:43]} {[%emt 00:00:06]} Bf5 {[%clk 00:17:28]} {[%emt 00:00:07]} 30.
Qc1 {[%clk 00:20:55]} {[%emt 00:00:18]} Nh3+ {[%clk 00:17:14]} {[%emt
00:00:44]} 31. Kf1 {[%clk 00:19:01]} {[%emt 00:02:23]} Qd5 {[%clk 00:11:32]}
{[%emt 00:06:19]} 32. f3 {[%clk 00:19:25]} d3 {[%clk 00:09:59]} {[%emt
00:02:04]} 33. Qc3 {[%clk 00:16:18]} {[%emt 00:03:36]} e4 {[%clk 00:08:26]}
{[%emt 00:02:03]} 34. e3 {[%clk 00:12:20]} {[%emt 00:04:27]} f6 {[%clk
00:04:31]} {[%emt 00:04:26]} 35. Nb4 {[%clk 00:07:25]} {[%emt 00:05:25]} Qe6
{[%clk 00:04:57]} {[%emt 00:00:05]} 36. Nd6 {[%clk 00:05:49]} {[%emt 00:02:06]}
exf3 {[%clk 00:04:07]} {[%emt 00:01:19]} 37. e4 {[%clk 00:05:17]} {[%emt
00:01:02]} Ng5 {[%clk 00:04:10]} {[%emt 00:00:27]} 38. Qxd3 {[%clk 00:02:01]}
{[%emt 00:03:46]} Bxe4 {[%clk 00:03:56]} {[%emt 00:00:44]} 39. Nxe4 {[%clk
00:01:12]} {[%emt 00:01:19]} Qh3+ {[%clk 00:04:07]} {[%emt 00:00:19]} 40. Ke1
{[%clk 00:01:38]} {[%emt 00:00:04]} Nxe4 {[%clk 00:04:17]} {[%emt 00:00:19]}
0-1

[Event "European Chess Club Cup 2023"]
[Site "Durres, Albania"]
[Date "2023.10.01"]
[Round "1.14"]
[White "Navara, David"]
[Black "Suvorov, Alexander"]
[Result "1-0"]
[TimeControl "90' + 30' & 30\""]
[WhiteElo "2689"]
[BlackElo "2340"]

1. e4 {[%clk 01:30:58]} {[%emt 00:00:02]} c5 {[%clk 01:30:37]} {[%emt
00:00:23]} 2. Nf3 {[%clk 01:31:23]} {[%emt 00:00:05]} Nc6 {[%clk 01:30:40]}
{[%emt 00:00:27]} 3. Bb5 {[%clk 01:31:49]} {[%emt 00:00:04]} e5 {[%clk
01:30:32]} {[%emt 00:00:40]} 4. O-O {[%clk 01:31:59]} {[%emt 00:00:18]} Bd6
{[%clk 01:30:33]} {[%emt 00:00:28]} 5. d3 {[%clk 01:30:01]} {[%emt 00:02:28]}
Nf6 {[%clk 01:22:27]} {[%emt 00:08:36]} 6. Bg5 {[%clk 01:28:26]} {[%emt
00:02:05]} a6 {[%clk 01:20:09]} {[%emt 00:02:48]} 7. Bc4 {[%clk 01:28:17]}
{[%emt 00:00:39]} Be7 {[%clk 01:18:51]} {[%emt 00:01:49]} 8. a4 {[%clk
01:27:33]} {[%emt 00:01:13]} d6 {[%clk 01:16:19]} {[%emt 00:03:02]} 9. Nc3
{[%clk 01:25:40]} {[%emt 00:02:24]} O-O {[%clk 01:14:47]} {[%emt 00:02:02]} 10.
Bxf6 {[%clk 01:24:06]} {[%emt 00:02:04]} Bxf6 {[%clk 01:15:06]} {[%emt
00:00:09]} 11. Nd5 {[%clk 01:24:13]} {[%emt 00:00:23]} Rb8 {[%clk 01:02:41]}
{[%emt 00:12:55]} 12. h3 {[%clk 01:20:18]} {[%emt 00:04:26]} b5 {[%clk
00:49:50]} {[%emt 00:13:21]} 13. axb5 {[%clk 01:20:13]} {[%emt 00:00:34]} axb5
{[%clk 00:50:17]} {[%emt 00:00:03]} 14. Bb3 {[%clk 01:20:33]} {[%emt 00:00:10]}
g6 {[%clk 00:46:20]} {[%emt 00:04:28]} 15. Qd2 {[%clk 01:07:02]} {[%emt
00:14:02]} Bg7 {[%clk 00:39:55]} {[%emt 00:06:55]} 16. Ra2 {[%clk 01:05:38]}
{[%emt 00:01:52]} h6 {[%clk 00:37:18]} {[%emt 00:03:08]} 17. Rfa1 {[%clk
01:05:16]} {[%emt 00:00:51]} Kh7 {[%clk 00:31:49]} {[%emt 00:06:00]} 18. Ra8
{[%clk 01:03:35]} {[%emt 00:02:10]} Bb7 {[%clk 00:30:32]} {[%emt 00:01:48]} 19.
Rxb8 {[%clk 01:03:34]} {[%emt 00:00:31]} Qxb8 {[%clk 00:29:54]} {[%emt
00:01:09]} 20. Nc3 {[%clk 01:00:14]} {[%emt 00:03:50]} Bc8 {[%clk 00:26:59]}
{[%emt 00:03:24]} 21. Bd5 {[%clk 00:59:21]} {[%emt 00:01:23]} Bd7 {[%clk
00:18:55]} {[%emt 00:08:35]} 22. h4 {[%clk 00:56:33]} {[%emt 00:03:18]} Qb6
{[%clk 00:13:40]} {[%emt 00:05:45]} 23. h5 {[%clk 00:54:11]} {[%emt 00:02:52]}
Ne7 {[%clk 00:11:44]} {[%emt 00:02:25]} 24. Bb3 {[%clk 00:53:01]} {[%emt
00:01:40]} Bc6 {[%emt 00:04:40]} 25. Nh2 {[%clk 00:50:09]} {[%emt 00:03:19]}
Qb7 {[%clk 00:05:38]} {[%emt 00:02:29]} 26. Nf1 {[%clk 00:47:45]} {[%emt
00:02:55]} b4 {[%clk 00:01:49]} {[%emt 00:04:18]} 27. Nd1 {[%emt 00:05:22]} f5
{[%clk 00:01:12]} 28. hxg6+ {[%clk 00:39:14]} {[%emt 00:05:16]} Kxg6 {[%clk
00:01:41]} {[%emt 00:00:01]} 29. Nde3 {[%clk 00:39:14]} {[%emt 00:00:31]} h5
{[%clk 00:00:51]} {[%emt 00:01:20]} 30. Be6 {[%clk 00:35:46]} {[%emt 00:03:57]}
Bh6 {[%clk 00:01:12]} {[%emt 00:00:10]} 31. Qd1 {[%clk 00:36:11]} {[%emt
00:00:04]} Bxe3 {[%clk 00:00:58]} {[%emt 00:00:45]} 32. Nxe3 {[%clk 00:36:25]}
{[%emt 00:00:15]} f4 {[%clk 00:01:04]} {[%emt 00:00:25]} 33. Nf5 {[%clk
00:35:24]} {[%emt 00:01:30]} Nxf5 {[%clk 00:01:22]} {[%emt 00:00:14]} 34. Bxf5+
{[%clk 00:35:33]} {[%emt 00:00:20]} Kg5 {[%clk 00:00:56]} {[%emt 00:00:56]} 35.
g4 {[%clk 00:29:59]} {[%emt 00:06:03]} h4 {[%clk 00:00:42]} {[%emt 00:00:44]}
36. Ra5 {[%clk 00:30:25]} {[%emt 00:00:04]} Ra8 {[%clk 00:00:37]} {[%emt
00:00:35]} 37. Qa1 {[%clk 00:30:51]} {[%emt 00:00:04]} Kf6 {[%clk 00:00:36]}
{[%emt 00:00:32]} 38. Kh2 {[%clk 00:30:16]} {[%emt 00:01:04]} Kg5 {[%clk
00:00:38]} {[%emt 00:00:29]} 39. Kh3 {[%clk 00:29:59]} {[%emt 00:00:46]} Qb8
{[%clk 00:00:34]} {[%emt 00:00:34]} 40. f3 {[%clk 00:30:04]} {[%emt 00:00:26]}
Qb7 {[%clk 00:00:39]} {[%emt 00:00:25]} 41. Be6 {[%clk 00:20:32]} {[%emt
00:10:01]} Rxa5 {[%clk 00:21:25]} {[%emt 00:09:44]} 42. Qxa5 {[%clk 00:50:55]}
{[%emt 00:00:07]} Qe7 {[%clk 00:21:07]} {[%emt 00:00:48]} 43. Bd5 {[%clk
00:44:15]} {[%emt 00:07:10]} Be8 {[%clk 00:16:22]} {[%emt 00:05:15]} 44. Qa8
{[%clk 00:43:55]} {[%emt 00:00:50]} Qd7 {[%clk 00:15:15]} {[%emt 00:01:38]} 45.
Bb3 {[%clk 00:42:20]} {[%emt 00:02:05]} Qe7 {[%clk 00:04:07]} {[%emt 00:11:37]}
46. Qd5 {[%clk 00:41:43]} {[%emt 00:01:06]} Qf8 {[%clk 00:03:18]} {[%emt
00:01:20]} 47. Qb7 {[%clk 00:39:34]} {[%emt 00:02:39]} Kg6 {[%clk 00:00:38]}
{[%emt 00:03:11]} 48. Be6 {[%clk 00:37:14]} {[%emt 00:02:48]} Kf6 {[%clk
00:00:41]} {[%emt 00:00:29]} 49. Bd5 {[%clk 00:30:47]} {[%emt 00:06:56]} Bg6
{[%clk 00:00:37]} {[%emt 00:00:34]} 50. Qc7 {[%clk 00:25:00]} {[%emt 00:06:17]}
Kg5 {[%clk 00:00:49]} {[%emt 00:00:19]} 51. Qd7 {[%clk 00:25:23]} {[%emt
00:00:06]} Kf6 {[%clk 00:00:52]} {[%emt 00:00:28]} 52. Bc4 {[%clk 00:22:59]}
{[%emt 00:02:54]} Kg5 {[%clk 00:01:08]} {[%emt 00:00:14]} 53. Qe6 {[%clk
00:23:24]} {[%emt 00:00:04]} Qd8 {[%clk 00:01:13]} {[%emt 00:00:25]} 54. Bb5
{[%clk 00:23:47]} {[%emt 00:00:07]} Qf8 {[%clk 00:01:01]} {[%emt 00:00:43]} 55.
Bd7 {[%clk 00:23:42]} {[%emt 00:00:34]} Bh7 {[%clk 00:01:10]} {[%emt 00:00:21]}
56. Be8 {[%clk 00:21:35]} {[%emt 00:02:38]} Qf6 {[%clk 00:00:51]} {[%emt
00:00:49]} 57. Qd7 {[%clk 00:17:17]} {[%emt 00:04:47]} Bg8 {[%clk 00:00:56]}
{[%emt 00:00:26]} 58. Qc7 {[%clk 00:17:20]} {[%emt 00:00:26]} Kh6 {[%clk
00:01:04]} {[%emt 00:00:22]} 59. Bc6 {[%clk 00:15:45]} {[%emt 00:02:05]} Bf7
{[%clk 00:00:41]} {[%emt 00:00:53]} 60. Qd7 {[%clk 00:12:40]} {[%emt 00:03:35]}
Bg6 {[%clk 00:00:38]} {[%emt 00:00:33]} 61. Bd5 {[%clk 00:11:58]} {[%emt
00:01:12]} Kg5 {[%clk 00:00:42]} {[%emt 00:00:27]} 62. Bg8 {[%clk 00:08:19]}
{[%emt 00:04:08]} Kh6 {[%clk 00:00:49]} {[%emt 00:00:24]} 63. Be6 {[%clk
00:08:41]} {[%emt 00:00:07]} Kg5 {[%clk 00:00:35]} {[%emt 00:00:44]} 64. Qc8
{[%clk 00:06:41]} {[%emt 00:02:29]} Kh6 {[%clk 00:00:38]} {[%emt 00:00:28]} 65.
Bf5 {[%clk 00:07:04]} {[%emt 00:00:06]} Bf7 {[%clk 00:00:45]} {[%emt 00:00:24]}
66. Qf8+ {[%clk 00:07:15]} {[%emt 00:00:19]} Kg5 {[%clk 00:00:50]} {[%emt
00:00:25]} 67. b3 {[%clk 00:07:27]} {[%emt 00:00:18]} d5 {[%clk 00:00:40]}
{[%emt 00:00:40]} 68. Qxc5 {[%clk 00:07:48]} {[%emt 00:00:09]} dxe4 {[%clk
00:00:35]} {[%emt 00:00:35]} 69. Bxe4 {[%clk 00:08:01]} {[%emt 00:00:17]} Be6
{[%clk 00:00:35]} {[%emt 00:00:31]} 70. Qxb4 {[%clk 00:08:17]} {[%emt
00:00:13]} Qd8 {[%clk 00:00:37]} {[%emt 00:00:28]} 71. Qe1 {[%clk 00:08:39]}
{[%emt 00:00:08]} Qh8 {[%clk 00:00:45]} {[%emt 00:00:22]} 72. Bh7 {[%clk
00:08:27]} {[%emt 00:00:43]} 1-0

[Event "European Chess Club Cup 2023"]
[Site "Durres, Albania"]
[Date "2023.10.01"]
[Round "1.15"]
[White "Van Dael, Siem"]
[Black "Nguyen, Thai Dai Van"]
[Result "0-1"]
[TimeControl "90' + 30' & 30\""]
[WhiteElo "2321"]
[BlackElo "2618"]

1. e4 {[%clk 01:30:57]} {[%emt 00:00:02]} c5 {[%clk 01:30:52]} {[%emt
00:00:08]} 2. Nf3 {[%clk 01:31:22]} {[%emt 00:00:05]} d6 {[%clk 01:31:08]}
{[%emt 00:00:15]} 3. d4 {[%clk 01:31:46]} {[%emt 00:00:06]} cxd4 {[%clk
01:31:33]} {[%emt 00:00:05]} 4. Nxd4 {[%clk 01:32:09]} {[%emt 00:00:07]} Nf6
{[%clk 01:31:54]} {[%emt 00:00:08]} 5. Nc3 {[%clk 01:32:32]} {[%emt 00:00:07]}
a6 {[%clk 01:32:17]} {[%emt 00:00:07]} 6. Be3 {[%clk 01:32:54]} {[%emt
00:00:08]} e5 {[%clk 01:32:35]} {[%emt 00:00:13]} 7. Nb3 {[%clk 01:33:18]}
{[%emt 00:00:06]} Be6 {[%clk 01:32:53]} {[%emt 00:00:13]} 8. f3 {[%clk
01:33:27]} {[%emt 00:00:19]} Be7 {[%clk 01:32:54]} {[%emt 00:00:29]} 9. Qd2
{[%clk 01:33:48]} {[%emt 00:00:10]} h5 {[%clk 01:33:19]} {[%emt 00:00:05]} 10.
O-O-O {[%clk 01:33:17]} {[%emt 00:01:01]} Nbd7 {[%clk 01:33:44]} {[%emt
00:00:05]} 11. f4 {[%clk 01:32:22]} {[%emt 00:01:25]} b5 {[%clk 01:24:30]}
{[%emt 00:09:44]} 12. Bd3 {[%clk 01:31:26]} {[%emt 00:01:25]} Nb6 {[%clk
01:06:16]} {[%emt 00:18:44]} 13. Bxb6 {[%clk 01:24:30]} {[%emt 00:07:27]} Qxb6
{[%clk 01:06:23]} {[%emt 00:00:23]} 14. Nd5 {[%clk 01:24:52]} {[%emt 00:00:08]}
Bxd5 {[%clk 00:58:34]} {[%emt 00:08:17]} 15. exd5 {[%clk 01:25:14]} {[%emt
00:00:09]} e4 {[%clk 00:57:36]} {[%emt 00:01:28]} 16. Be2 {[%clk 01:24:19]}
{[%emt 00:01:25]} Rc8 {[%clk 00:56:56]} {[%emt 00:01:09]} 17. h3 {[%clk
01:13:12]} {[%emt 00:11:38]} h4 {[%clk 00:52:01]} {[%emt 00:05:25]} 18. Rhe1
{[%clk 01:04:08]} {[%emt 00:09:35]} O-O {[%clk 00:46:11]} {[%emt 00:06:20]} 19.
Bg4 {[%clk 01:00:11]} {[%emt 00:04:27]} Rc4 {[%clk 00:43:54]} {[%emt 00:02:46]}
20. Na5 {[%clk 00:47:01]} {[%emt 00:13:41]} Rc5 {[%clk 00:39:38]} {[%emt
00:04:46]} 21. Nc6 {[%clk 00:45:43]} {[%emt 00:01:48]} Qb7 {[%clk 00:34:17]}
{[%emt 00:05:50]} 22. Qb4 {[%clk 00:17:07]} {[%emt 00:29:06]} Bd8 {[%clk
00:22:30]} {[%emt 00:12:18]} 23. Rxe4 {[%clk 00:05:15]} {[%emt 00:12:21]} Rxd5
{[%clk 00:20:30]} {[%emt 00:02:30]} 24. Rc4 {[%clk 00:02:53]} {[%emt 00:02:52]}
Rxd1+ {[%clk 00:16:27]} {[%emt 00:04:33]} 25. Bxd1 {[%clk 00:03:13]} {[%emt
00:00:10]} Qc7 {[%clk 00:14:38]} {[%emt 00:02:18]} 26. Rc3 {[%clk 00:02:08]}
{[%emt 00:01:36]} Nd5 {[%clk 00:15:03]} {[%emt 00:00:05]} 27. Qe4 {[%clk
00:02:34]} {[%emt 00:00:05]} Nxc3 {[%clk 00:15:26]} {[%emt 00:00:07]} 28. bxc3
{[%clk 00:03:00]} {[%emt 00:00:04]} d5 {[%clk 00:15:32]} {[%emt 00:00:25]} 29.
Qxd5 {[%clk 00:03:18]} {[%emt 00:00:12]} Qxf4+ {[%clk 00:15:55]} {[%emt
00:00:07]} 30. Kb2 {[%clk 00:03:39]} {[%emt 00:00:08]} Bf6 {[%clk 00:15:59]}
{[%emt 00:00:26]} 31. a3 {[%clk 00:02:53]} {[%emt 00:01:17]} Qe3 {[%clk
00:14:20]} {[%emt 00:02:08]} 32. Qd3 {[%clk 00:02:02]} {[%emt 00:01:21]} Qc5
{[%clk 00:14:28]} {[%emt 00:00:22]} 33. Bf3 {[%clk 00:01:35]} {[%emt 00:00:56]}
Rc8 {[%clk 00:14:26]} {[%emt 00:00:33]} 0-1

[Event "European Chess Club Cup 2023"]
[Site "Durres, Albania"]
[Date "2023.10.01"]
[Round "1.16"]
[White "Bartel, Mateusz"]
[Black "Suvorov, Luca"]
[Result "1-0"]
[TimeControl "90' + 30' & 30\""]
[WhiteElo "2651"]
[BlackElo "2324"]

1. e4 {[%clk 01:30:56]} {[%emt 00:00:03]} e5 {[%clk 01:30:52]} {[%emt
00:00:10]} 2. Nf3 {[%clk 01:31:15]} {[%emt 00:00:09]} Nc6 {[%clk 01:31:07]}
{[%emt 00:00:15]} 3. Bb5 {[%clk 01:31:39]} {[%emt 00:00:06]} a6 {[%clk
01:31:05]} {[%emt 00:00:32]} 4. Ba4 {[%clk 01:32:03]} {[%emt 00:00:06]} Nf6
{[%clk 01:31:24]} {[%emt 00:00:13]} 5. O-O {[%clk 01:32:25]} {[%emt 00:00:07]}
b5 {[%clk 01:31:09]} {[%emt 00:00:44]} 6. Bb3 {[%clk 01:32:44]} {[%emt
00:00:11]} Bc5 {[%clk 01:30:41]} {[%emt 00:00:58]} 7. Nc3 {[%clk 01:31:05]}
{[%emt 00:02:09]} O-O {[%clk 01:26:05]} {[%emt 00:05:07]} 8. Nd5 {[%clk
01:17:52]} {[%emt 00:13:43]} h6 {[%clk 01:04:24]} {[%emt 00:22:10]} 9. c3
{[%clk 01:12:50]} {[%emt 00:05:32]} d6 {[%clk 00:56:29]} {[%emt 00:08:26]} 10.
d4 {[%clk 01:10:41]} {[%emt 00:02:38]} Ba7 {[%clk 00:52:42]} {[%emt 00:04:16]}
11. Nxf6+ {[%clk 01:07:01]} {[%emt 00:04:11]} Qxf6 {[%clk 00:50:22]} {[%emt
00:02:50]} 12. Bd5 {[%clk 01:07:28]} {[%emt 00:00:03]} Bb7 {[%clk 00:45:08]}
{[%emt 00:05:45]} 13. Be3 {[%clk 01:05:38]} {[%emt 00:02:19]} Qe7 {[%clk
00:35:15]} {[%emt 00:10:23]} 14. a4 {[%clk 01:04:09]} {[%emt 00:01:59]} exd4
{[%clk 00:23:08]} {[%emt 00:12:37]} 15. Nxd4 {[%clk 01:03:40]} {[%emt
00:00:59]} Bxd4 {[%clk 00:21:23]} {[%emt 00:02:15]} 16. cxd4 {[%clk 01:04:06]}
{[%emt 00:00:03]} Na5 {[%clk 00:17:16]} {[%emt 00:04:37]} 17. Bxb7 {[%clk
00:54:25]} {[%emt 00:10:12]} Nxb7 {[%clk 00:17:42]} {[%emt 00:00:03]} 18. Qg4
{[%clk 00:54:48]} {[%emt 00:00:07]} Kh8 {[%clk 00:12:57]} {[%emt 00:05:15]} 19.
Rfe1 {[%clk 00:47:39]} {[%emt 00:07:39]} Rfe8 {[%clk 00:06:59]} {[%emt
00:06:28]} 20. h3 {[%clk 00:38:01]} {[%emt 00:10:08]} b4 {[%clk 00:02:54]}
{[%emt 00:04:35]} 21. Rac1 {[%clk 00:36:14]} {[%emt 00:02:16]} Rac8 {[%clk
00:01:05]} {[%emt 00:02:21]} 22. Bd2 {[%clk 00:27:48]} {[%emt 00:08:55]} a5
{[%clk 00:00:52]} {[%emt 00:00:43]} 23. Rc6 {[%clk 00:28:00]} {[%emt 00:00:18]}
Nd8 {[%clk 00:00:37]} {[%emt 00:00:46]} 24. Ra6 {[%clk 00:28:03]} {[%emt
00:00:27]} Ne6 {[%clk 00:00:43]} {[%emt 00:00:24]} 25. Rxa5 {[%clk 00:27:11]}
{[%emt 00:01:21]} c5 {[%clk 00:00:36]} {[%emt 00:00:37]} 26. d5 {[%clk
00:26:42]} {[%emt 00:00:59]} Nd4 {[%clk 00:00:37]} {[%emt 00:00:29]} 27. Ra6
{[%clk 00:26:44]} {[%emt 00:00:27]} Ra8 {[%clk 00:00:45]} {[%emt 00:00:23]} 28.
Rxa8 {[%clk 00:24:16]} {[%emt 00:02:58]} Rxa8 {[%clk 00:01:13]} {[%emt
00:00:02]} 29. Qh5 {[%clk 00:24:42]} {[%emt 00:00:04]} Kg8 {[%clk 00:00:37]}
{[%emt 00:01:06]} 30. Qd1 {[%clk 00:20:21]} {[%emt 00:04:51]} Qd7 {[%clk
00:00:33]} {[%emt 00:00:35]} 31. b3 {[%clk 00:20:43]} {[%emt 00:00:07]} c4
{[%clk 00:00:35]} {[%emt 00:00:28]} 32. bxc4 {[%clk 00:14:14]} {[%emt
00:07:00]} Qxa4 {[%clk 00:00:47]} {[%emt 00:00:18]} 33. Qxa4 {[%clk 00:10:09]}
{[%emt 00:04:34]} Rxa4 {[%clk 00:01:15]} {[%emt 00:00:03]} 34. Rb1 {[%clk
00:10:21]} {[%emt 00:00:17]} b3 {[%clk 00:00:38]} {[%emt 00:01:07]} 35. Be3
{[%clk 00:10:30]} {[%emt 00:00:21]} Rxc4 {[%clk 00:00:35]} {[%emt 00:00:33]} 36.
f3 {[%clk 00:08:18]} {[%emt 00:02:43]} Nc2 {[%clk 00:00:32]} {[%emt 00:00:33]}
37. Rxb3 {[%clk 00:07:19]} {[%emt 00:01:28]} Nxe3 {[%clk 00:00:53]} {[%emt
00:00:09]} 38. Rxe3 {[%clk 00:07:44]} {[%emt 00:00:04]} f5 {[%clk 00:00:38]}
{[%emt 00:00:47]} 39. exf5 {[%clk 00:05:28]} {[%emt 00:02:46]} Rd4 {[%clk
00:01:04]} {[%emt 00:00:04]} 40. g4 {[%clk 00:05:41]} {[%emt 00:00:17]} Rxd5
{[%clk 00:01:17]} {[%emt 00:00:16]} 41. Kf2 {[%clk 00:05:53]} {[%emt 00:00:18]}
Kf7 {[%clk 00:19:03]} {[%emt 00:12:44]} 42. Kg3 {[%clk 00:35:38]} {[%emt
00:00:46]} Rd4 {[%clk 00:11:49]} {[%emt 00:07:44]} 43. h4 {[%clk 00:33:22]}
{[%emt 00:02:45]} Rd1 {[%clk 00:06:21]} {[%emt 00:05:58]} 44. Ra3 {[%clk
00:32:38]} {[%emt 00:01:14]} Rg1+ {[%clk 00:00:56]} {[%emt 00:05:55]} 45. Kf4
{[%clk 00:32:37]} {[%emt 00:00:31]} Rh1 {[%clk 00:00:39]} {[%emt 00:00:47]} 46.
Ra7+ {[%clk 00:32:57]} {[%emt 00:00:11]} Kg8 {[%clk 00:00:39]} {[%emt
00:00:29]} 47. h5 {[%clk 00:32:20]} {[%emt 00:01:07]} Rd1 {[%clk 00:00:52]}
{[%emt 00:00:18]} 48. f6 {[%clk 00:32:32]} {[%emt 00:00:18]} gxf6 {[%clk
00:00:54]} {[%emt 00:00:27]} 49. Kf5 {[%clk 00:32:57]} {[%emt 00:00:05]} Rd3
{[%clk 00:00:34]} {[%emt 00:00:50]} 50. Kg6 {[%clk 00:31:49]} {[%emt 00:01:38]}
Kf8 {[%clk 00:01:02]} {[%emt 00:00:02]} 51. Rf7+ {[%clk 00:32:12]} {[%emt
00:00:07]} 1-0